Prenatal diagnosis

This is an excellent update on the whole field of prenatal diagnosis and care.. The book is comprehensive, inclusive, well presented, and well illustrated. It will serve as a definitive resource. 4 Stars!"--Doody's Review Service. (Doody's )

में बचाया:
ग्रंथसूची विवरण
स्वरूप: पुस्तक
भाषा:Undetermined
प्रकाशित: New York McGraw - Hill 2006.
विषय:
टैग : टैग जोड़ें
कोई टैग नहीं, इस रिकॉर्ड को टैग करने वाले पहले व्यक्ति बनें!
Thư viện lưu trữ: Trung tâm Học liệu Trường Đại học Cần Thơ
LEADER 00772nam a2200193Ia 4500
001 CTU_138366
008 210402s9999 xx 000 0 und d
020 |c 173.00 
082 |a 618.32075 
082 |b P926 
245 0 |a Prenatal diagnosis 
245 0 |c Mark I.Evans... [et. al] 
260 |a New York 
260 |b McGraw - Hill 
260 |c 2006. 
520 |a This is an excellent update on the whole field of prenatal diagnosis and care.. The book is comprehensive, inclusive, well presented, and well illustrated. It will serve as a definitive resource. 4 Stars!"--Doody's Review Service. (Doody's ) 
650 |a Prenatal diagnosis.,Chuẩn đoán trước khi sinh 
904 |i Hồng Thơ 
980 |a Trung tâm Học liệu Trường Đại học Cần Thơ